000 00328nam a22001457a 4500
008 230913b ||||| |||| 00| 0 eng d
020 _a9780521324311
041 _aeng
080 _a521
082 _a521HAR
100 _a19
101 _aASTRO
245 _aMETEORITESAND THEIR PARENT PLANETS
_cHARRY.Y.M
942 _2udc
_cBK
999 _c60363
_d60363